The Cooperstown Quiz - Statistics

General Stats
  • This quiz has been taken 2 times
  • The average score is 3 of 18
Answer Stats
Answer Cooperstown Hint % Correct
Baseball Sport that forms the backbone of Cooperstown
100%
Hall of Fame Village Museum Dedicated to Baseball
100%
Doubleday Field Field downtown named after the founder of baseball
50%
Clark Family Multi-Sport gymnasium built in 1985 by THIS affluent family
0%
Cooperstownian Denonym for Cooptown resident
0%
Farmers Museum Museum which depicts 19th century rural american life.
0%
Fenimore Art Museum Famous Museum established in 1899.
0%
Glimmerglas State Park State Park at the north end of Lake Otsego
0%
Little League Baseball Extensive ballpark complex which hosts tournaments for THIS baseball league
0%
Omegang Brewery Local brewery which hosts live summer music concerts
0%
Origins Cafe Open-air brunch spot across the street from a swamp
0%
Otsego Lake Name of the lake on which the village sits
0%
Price Chopper The village-renowned supermarket
0%
Stagecoach Coffee Prominent coffee shop
0%
Star Field Overlook Locally-known trail hiking vista
0%
Susquehanna River River sourced in the village which flows for 400+ miles into the Chesapeake Bay
0%
The Otesaga Famous Resort Hotel on Lake Otsego
0%
William Cooper Politican who established Cooperstown in 1786
0%
No matching quizzes found
Score Distribution
Percent of People with Each Score
Percentile by Number Answered
Your Score History
You have not taken this quiz